Austerity (Registro nro. 51236)
[ vista simple ]
| 000 -CABECERA | |
|---|---|
| Longitud fija campo de control | 01436nam a2200445 4500 |
| 001 - NÚMERO DE CONTROL | |
| Número de control | 51236 |
| 003 - IDENTIFICADOR DE NÚMERO DE CONTROL | |
| Identificador del número de control | ES-MaCES |
| 005 - FECHA Y HORA DE LA ÚLTIMA TRANSACCIÓN | |
| Fecha y hora de la última transacción | 20190430113840.0 |
| 008 - CAMPO FIJO DE DESCRIPCIÓN FIJA--INFORMACIÓN GENERAL | |
| Códigos de información de longitud fija | 190430s2019 us |||||||||||||||||eng|d |
| 020 ## - ISBN (INTERNATIONAL STANDARD BOOK NUMBER) | |
| Número Internacional Normalizado para Libros (ISBN) | 9780691172217 |
| 040 ## - FUENTE DE CATALOGACIÓN | |
| Centro catalogador de origen | ES-MaCES |
| Lengua de catalogación | spa |
| Centro transcriptor | ES-MaCES |
| 100 1# - ENCABEZAMIENTO PRINCIPAL--NOMBRE PERSONAL | |
| 9 (RLIN) | 5900 |
| Nombre de persona | Alesina, Alberto |
| 245 10 - MENCIÓN DE TÍTULO | |
| Título | Austerity |
| Resto del título | : when it works and when it doesn't |
| Mención de responsabilidad, etc. | Alberto Alesina, Carlo Favero, and Francesco Giavazzi |
| 260 ## - PUBLICACIÓN, DISTRIBUCIÓN, ETC (PIE DE IMPRENTA) | |
| Lugar de publicación, distribución, etc. | Princenton |
| -- | Oxford |
| Nombre del editor, distribuidor, etc. | Princenton University Press |
| Fecha de publicación, distribución, etc. | [2019] |
| 300 ## - DESCRIPCIÓN FÍSICA | |
| Extensión | XiI, 276 p. |
| Dimensiones | 25 cm |
| 500 ## - NOTA GENERAL | |
| Nota general | Índices |
| 504 ## - NOTA DE BIBLIOGRAFÍA, ETC. | |
| Nota de bibliografía, etc. | Bibliografía: p. 259-266 |
| 541 ## - NOTA DE LA FUENTE INMEDIANTE DE ADQUISICIÓN | |
| Forma de adquisición | Compra |
| 650 #4 - ASIENTO SECUNDARIO DE MATERIA--TÉRMINO DE MATERIA | |
| 9 (RLIN) | 27102 |
| Término de materia o nombre geográfico como elemento inicial | crisis económica |
| 650 #4 - ASIENTO SECUNDARIO DE MATERIA--TÉRMINO DE MATERIA | |
| 9 (RLIN) | 28136 |
| Término de materia o nombre geográfico como elemento inicial | pérdida financiera |
| 650 #4 - ASIENTO SECUNDARIO DE MATERIA--TÉRMINO DE MATERIA | |
| 9 (RLIN) | 31908 |
| Término de materia o nombre geográfico como elemento inicial | 2008 |
| 650 #4 - ASIENTO SECUNDARIO DE MATERIA--TÉRMINO DE MATERIA | |
| 9 (RLIN) | 28082 |
| Término de materia o nombre geográfico como elemento inicial | política fiscal |
| 650 #4 - ASIENTO SECUNDARIO DE MATERIA--TÉRMINO DE MATERIA | |
| 9 (RLIN) | 28086 |
| Término de materia o nombre geográfico como elemento inicial | impuesto |
| 650 #4 - ASIENTO SECUNDARIO DE MATERIA--TÉRMINO DE MATERIA | |
| 9 (RLIN) | 27025 |
| Término de materia o nombre geográfico como elemento inicial | política económica |
| 650 #4 - ASIENTO SECUNDARIO DE MATERIA--TÉRMINO DE MATERIA | |
| 9 (RLIN) | 28075 |
| Término de materia o nombre geográfico como elemento inicial | deuda pública |
| 650 #4 - ASIENTO SECUNDARIO DE MATERIA--TÉRMINO DE MATERIA | |
| 9 (RLIN) | 30717 |
| Término de materia o nombre geográfico como elemento inicial | contención de los costes |
| 650 #4 - ASIENTO SECUNDARIO DE MATERIA--TÉRMINO DE MATERIA | |
| 9 (RLIN) | 28281 |
| Término de materia o nombre geográfico como elemento inicial | análisis de costes y beneficios |
| 650 #4 - ASIENTO SECUNDARIO DE MATERIA--TÉRMINO DE MATERIA | |
| 9 (RLIN) | 30732 |
| Término de materia o nombre geográfico como elemento inicial | evaluación del impacto |
| 650 #4 - ASIENTO SECUNDARIO DE MATERIA--TÉRMINO DE MATERIA | |
| 9 (RLIN) | 27091 |
| Término de materia o nombre geográfico como elemento inicial | país desarrollado |
| 650 #4 - ASIENTO SECUNDARIO DE MATERIA--TÉRMINO DE MATERIA | |
| 9 (RLIN) | 29020 |
| Término de materia o nombre geográfico como elemento inicial | país de la UE |
| 650 #4 - ASIENTO SECUNDARIO DE MATERIA--TÉRMINO DE MATERIA | |
| 9 (RLIN) | 32025 |
| Término de materia o nombre geográfico como elemento inicial | 2010-2014 |
| 650 #4 - ASIENTO SECUNDARIO DE MATERIA--TÉRMINO DE MATERIA | |
| 9 (RLIN) | 27070 |
| Término de materia o nombre geográfico como elemento inicial | análisis económico |
| 650 #4 - ASIENTO SECUNDARIO DE MATERIA--TÉRMINO DE MATERIA | |
| 9 (RLIN) | 27074 |
| Término de materia o nombre geográfico como elemento inicial | modelo económico |
| 653 10 - TÉRMINO DE INDEXACIÓN--NO CONTROLADO | |
| Término no controlado | Economía |
| 700 1# - ENCABEZAMIENTO SECUNDARIO--NOMBRE PERSONAL | |
| 9 (RLIN) | 11657 |
| Nombre de persona | Favero, Carlo A. |
| 700 1# - ENCABEZAMIENTO SECUNDARIO--NOMBRE PERSONAL | |
| 9 (RLIN) | 13320 |
| Nombre de persona | Giavazzi, Francesco |
| 710 2# - ENCABEZAMIENTO SECUNDARIO--NOMBRE CORPORATIVO | |
| 9 (RLIN) | 4853 |
| Nombre de entidad o nombre de jurisdicción como elemento inicial | Princeton University |
| Término indicativo de función | ed. |
| 902 ## - CES. TIPO DE DOCUMENTO | |
| Tipodoc (006$c Sirtex) | LIB Libro |
| 942 ## - ELEMENTOS KOHA | |
| Fuente de clasificaión o esquema | Clasificación propia del CES |
| Koha [por defecto] tipo de item | Monografías |
| Parte de clasificación | Economía |
| Número de registro | Signatura completa | Tipo de item de Koha |
|---|---|---|
| 091554 | SG-0.0.-135 | Monografías |
